[Event "Horgen CS"]
[Site "Horgen"]
[Date "1994.??.??"]
[Round "4"]
[White "Lutz, Christopher"]
[Black "Miles, Anthony J"]
[Result "1-0"]
[WhiteElo "2580"]
[BlackElo "2600"]

1.d4 Nf6 2.c4 g6 3.Nc3 Bg7 4.e4 d6 5.f3 O-O 6.Bg5 a6 7.Qd2 Nbd7 8.Nh3 c5
9.d5 b5 10.Nf2 bxc4 11.Bxc4 Nb6 12.Be2 Bd7 13.a4 Qc7 14.O-O Rfb8 15.f4 Be8
16.Kh1 Nc8 17.Bf3 Ra7 18.Rae1 Nd7 19.Ng4 Rab7 20.e5 Rxb2 21.Qe3 R8b3 22.Bd1 Ra3
23.Nb5 Rxe3 24.Nxc7 Rxe1 25.Rxe1 Kf8 26.Bxe7+ Nxe7 27.exd6 f5 28.Rxe7 fxg4
29.Ne6+ Kg8 30.Rxe8+ Bf8 31.Nxf8 Kf7 32.Re1 Nxf8 33.Bxg4 Rb6 34.Rc1 h5 35.Bh3 c4
36.g3 Rxd6 37.Bf1 Rd8 38.Bxc4 Rc8 39.Rc2 Nd7 40.Bd3  1-0

[Event "Horgen CS"]
[Site "Horgen"]
[Date "1994.??.??"]
[Round "6"]
[White "Gavrikov, Viktor"]
[Black "Miles, Anthony J"]
[Result "0-1"]
[WhiteElo "2600"]
[BlackElo "2600"]

1.Nf3 d6 2.d4 Bg4 3.c4 Bxf3 4.exf3 e6 5.Qb3 Qc8 6.d5 e5 7.f4 Nd7 8.Be2 Ngf6
9.O-O Be7 10.Nc3 O-O 11.Be3 a5 12.Rad1 exf4 13.Bxf4 Nc5 14.Qc2 Nfd7 15.Rfe1 Qd8
16.Nb5 Bf6 17.b3 Re8 18.Bf1 Rxe1 19.Rxe1 Ne5 20.h3 Qd7 21.Bd2 Qd8 22.f4 Ng6
23.Kh2 Ne7 24.g4 c6 25.dxc6 bxc6 26.Nc3 Ng6 27.Bg2 Rc8 28.g5 Be7 29.Kg3 d5
30.cxd5 Bd6 31.h4 h6 32.Qf5 Ne7 33.Qg4 h5 34.Qxh5 Nd3 35.Rf1 cxd5 36.Qg4 Bb4
37.Rf3 Nc5 38.Kh3 d4 39.Nb1 Nd5 40.Rg3 Rc7 41.g6 fxg6 42.f5 Bxd2 43.Nxd2 gxf5
44.Qxd4 Ne4 45.Qe5 Nxg3 46.Bxd5+ Kh8 47.Nc4 Re7 48.Be6 Ne4 49.Qd5 Qxd5 50.Bxd5 Nc3
51.Bf3 Nxa2 52.Nxa5 Nb4 53.Kg3 Kh7 54.Nc4 Kg6 55.Ba8 Kf6 56.Bf3 Re1  0-1

[Event "Linares NL"]
[Site "Linares"]
[Date "1994.??.??"]
[Round "2"]
[White "Miles, Anthony J"]
[Black "Sagalchik, Gennadij"]
[Result "1-0"]
[WhiteElo "2600"]
[BlackElo "2515"]

1.Nf3 Nf6 2.g3 d5 3.Bg2 Nc6 4.d4 Bf5 5.O-O Qd7 6.c4 e6 7.Nc3 O-O-O 8.Qa4 a6
9.Bf4 Ne4 10.Rfc1 f6 11.Nb5 Nd6 12.Nxd6+ Bxd6 13.cxd5 exd5 14.Bxd6 Qxd6 15.Rc5 Ne7
16.Rac1 Kb8 17.b4 h5 18.Qb3 c6 19.a4 Bd7 20.e3 Rc8 21.Bf1 g5 22.b5 cxb5 23.axb5 Bxb5
24.Bxb5 axb5 25.Qxb5 Rc6 26.Rxc6 Nxc6 27.Ne1 h4 28.Nd3 Rh7 29.Nc5 Nd8 30.Ra1 hxg3
31.hxg3 f5 32.Qa5 f4 33.Qa8+ Kc7 34.Nxb7 Qh6 35.Qxd8+ Kxb7 36.Rb1+  1-0

[Event "Linares NL"]
[Site "Linares"]
[Date "1994.??.??"]
[Round "4"]
[White "Miles, Anthony J"]
[Black "Sunye Neto, Jaime"]
[Result "1-0"]
[WhiteElo "2600"]
[BlackElo "2535"]

1.d4 Nf6 2.Nf3 e6 3.c4 Bb4+ 4.Nbd2 b6 5.a3 Bxd2+ 6.Bxd2 Bb7 7.e3 O-O 8.Bd3 d6
9.O-O Nbd7 10.b4 c5 11.Bc3 Qe7 12.Nd2 Rfc8 13.Rc1 a6 14.Qe2 d5 15.dxc5 bxc5
16.Rfd1 cxb4 17.axb4 dxc4 18.Nxc4 Nd5 19.Bd2 Rab8 20.Qe1 Ba8 21.Na5 Rxc1
22.Rxc1 Qd6 23.Bf1 Nc7 24.Nc4 Qe7 25.e4 Nb5 26.f3 Rc8 27.Be3 h6 28.Qd2 Kh7
29.Rd1 Rc7 30.Qb2 e5 31.Qd2 Qe6 32.Nd6 Nd4 33.Bxd4 Qxd6 34.Be3 Qxd2 35.Rxd2 Bb7
36.Rd6 Nb8 37.Ba7 Nc6 38.Bb6 Re7 39.Bc4 f6 40.Be6 Nxb4 41.Bc5 a5 42.Bf5+ g6
43.Rxf6 Rg7 44.Be6 Nd3 45.Bd6 Nf4 46.Bc4 g5 47.Bf8  1-0

[Event "Linares NL"]
[Site "Linares"]
[Date "1994.??.??"]
[Round "11"]
[White "Vera, Reynaldo"]
[Black "Miles, Anthony J"]
[Result "0-1"]
[WhiteElo "2485"]
[BlackElo "2600"]

1.d4 d6 2.e4 Nf6 3.Nc3 g6 4.f4 Bg7 5.Nf3 O-O 6.Bd3 Nc6 7.O-O e5 8.fxe5 dxe5
9.d5 Nd4 10.Nxe5 Nxe4 11.Bxe4 Bxe5 12.Bf4 Bxf4 13.Rxf4 Nf5 14.Qd2 Nd6 15.Bd3 Bd7
16.Raf1 f5 17.Ne2 Qe7 18.Qc3 Rac8 19.Qd4 b6 20.R4f3 Rce8 21.Qc3 Bc8 22.Nf4 Qg7
23.Qa3 Ne4 24.Re3 Qd4 25.Re1 Nf6 26.Bb5 Ng4 27.Bxe8 Rxe8 28.Ne6 Bxe6 29.dxe6 Qf4
30.Qb3 Qxh2+ 31.Kf1 Qh1+ 32.Ke2 Qxg2+ 33.Kd1 Nxe3+ 34.Qxe3 Qd5+ 35.Kc1 Qc5
36.Qg5 Qe7 37.Qf4 Qd6 38.Qc4 Re7 39.a3 c6 40.Kb1 Qd5 41.Qe2 f4 42.c4 Qf5+
43.Ka1 f3 44.Qd2  0-1

[Event "Linares NL"]
[Site "Linares"]
[Date "1994.??.??"]
[Round "13"]
[White "Miles, Anthony J"]
[Black "De Firmian, Nick E"]
[Result "1/2-1/2"]
[WhiteElo "2600"]
[BlackElo "2565"]

1.d4 Nf6 2.Nf3 e6 3.c4 c5 4.Nc3 cxd4 5.Nxd4 Nc6 6.g3 Bc5 7.Nb3 Bb4 8.Bg2 b6
9.O-O Ba6 10.Nb5 Rc8 11.Bf4 d5 12.N3d4 Nxd4 13.Nxd4 Qd7 14.cxd5 Nxd5 15.Bxd5 exd5
16.Nf5 Qxf5 17.Qa4+ Qd7 18.Qxa6 O-O 19.Rac1 Be7 20.Rfd1 Rc5 21.Qd3 Rd8 22.a3 Qc8
23.Qf3 Qe6 24.Qe3 h6 25.Qd3 Rc4 26.Be3 Bf6 27.b3 Re4 28.Rc2 d4 29.Bc1 Re8
30.Re1 Qh3 31.Rd1  1/2-1/2

[Event "Lloyds Bank op"]
[Site "London"]
[Date "1994.??.??"]
[Round "1"]
[White "Pritchett, Craig William"]
[Black "Miles, Anthony J"]
[Result "0-1"]
[WhiteElo "2360"]
[BlackElo "2600"]

1.Nf3 Nf6 2.c4 g6 3.Nc3 Bg7 4.e4 d6 5.d4 O-O 6.Be2 e5 7.Be3 Ng4 8.Bg5 f6
9.Bc1 Nc6 10.d5 Ne7 11.Nd2 Nh6 12.b4 Nf7 13.c5 f5 14.f3 c6 15.Nb3 cxd5 16.Nxd5 Nxd5
17.Qxd5 dxc5 18.Qxd8 Rxd8 19.bxc5 fxe4 20.fxe4 Be6 21.Be3 Bh6 22.Bxh6 Nxh6
23.O-O Nf7 24.Rf6 Re8 25.c6 b6 26.Ba6 Kg7 27.Raf1 Nd6 28.c7 Re7 29.Rd1 Kxf6
30.Rxd6 Rxc7  0-1

[Event "Lloyds Bank op"]
[Site "London"]
[Date "1994.??.??"]
[Round "2"]
[White "Miles, Anthony J"]
[Black "Arkell, Keith C"]
[Result "1/2-1/2"]
[WhiteElo "2600"]
[BlackElo "2470"]

1.d4 Nf6 2.Nf3 e6 3.c4 Bb4+ 4.Nbd2 b6 5.a3 Bxd2+ 6.Bxd2 Bb7 7.e3 d6 8.Bd3 Ne4
9.O-O Nxd2 10.Nxd2 Nd7 11.Be4 Bxe4 12.Nxe4 O-O 13.Qa4 Nf6 14.Nxf6+ Qxf6 15.Qc6 Qe7
16.Rac1 Rfd8 17.c5 dxc5 18.dxc5 Qd7 19.Qb7 Rdb8 20.Qf3 Qd5 21.cxb6 Rxb6 22.Rxc7 Qxf3
23.gxf3 Rxb2 24.Rd1 a6 25.Rdd7 Rf8 26.Rc6 g5 27.Kg2 Ra2 28.Rxa6 Rc8 29.h4 gxh4
30.Ra4 h3+ 31.Kxh3 h5 32.Kg3 Kg7 33.Rf4 Rf8 34.a4 Kg6 35.Ra7 Ra1 36.Kg2 Ra2
37.a5 Ra1 38.a6 Ra2 39.Kg3 Ra1 40.Kg2 Ra2 41.Rc4 Kf6 42.f4 h4 43.f5 h3+ 44.Kxh3 Rxf2
45.fxe6 fxe6 46.Rb7 Rh8+ 47.Kg3 Ra2 48.a7 Rh1 49.Rf4+ Ke5 50.Rb5+ Kd6 51.Rd4+ Ke7
52.Rb7+ Kf6 53.Kf3 Rha1 54.Rf4+ Ke5 55.Rb5+ Kd6 56.Rb6+ Ke5 57.Rc4 Kf5 58.Rb5+ Kf6
59.Rf4+ Ke7 60.Rb7+ Kd6 61.Rff7 Ke5 62.Rb5+ Kd6 63.Rfb7 Rxa7 64.R7b6+ Ke7
65.Rh5 R1a6 66.Rh7+ Kf6 67.Rh6+ Kf7 68.Rb8 Ke7 69.Kf4 e5+ 70.Kg5 Rxh6 71.Kxh6 Kd6
72.Kg6 Ra3 73.Kf5 Rxe3  1/2-1/2

[Event "Lloyds Bank op"]
[Site "London"]
[Date "1994.??.??"]
[Round "5"]
[White "Tkachiev, Vladislav"]
[Black "Miles, Anthony J"]
[Result "1/2-1/2"]
[WhiteElo "2535"]
[BlackElo "2600"]

1.e4 Nf6 2.e5 Nd5 3.d4 d6 4.Nf3 c6 5.c4 Nc7 6.exd6 exd6 7.h3 Bf5 8.Nc3 Be7
9.Bf4 O-O 10.Bd3 Bxd3 11.Qxd3 Nd7 12.O-O Nf6 13.d5  1/2-1/2

[Event "Lloyds Bank op"]
[Site "London"]
[Date "1994.??.??"]
[Round "6"]
[White "Miles, Anthony J"]
[Black "Wells, Peter K"]
[Result "1-0"]
[WhiteElo "2600"]
[BlackElo "2490"]

1.c4 e6 2.Nc3 d5 3.cxd5 exd5 4.d4 c6 5.Bf4 Bd6 6.Bg3 Ne7 7.e3 Nf5 8.Bd3 h5
9.Nf3 h4 10.Be5 Bxe5 11.dxe5 Ne7 12.Nd4 c5 13.Ndb5 Nbc6 14.Nd6+ Kf8 15.f4 Qb6
16.Qd2 h3 17.g3 d4 18.exd4 Nxd4 19.Be4 f5 20.exf6 gxf6 21.Nxc8 Rxc8 22.O-O-O f5
23.Bb1 Rh6 24.Qf2 Qc6 25.Rhg1 b5 26.Rd3 Re6 27.Re3 b4 28.Nd1 Rd8 29.Rge1 c4
30.Rxe6 Nxe6 31.Qe2 Qd6 32.Nf2 Nd4 33.Qe3 c3 34.Bd3 b3 35.axb3 Nxb3+ 36.Kb1 Rb8
37.Nd1 cxb2 38.Nc3 Nc5 39.Bc4  1-0

[Event "Lloyds Bank op"]
[Site "London"]
[Date "1994.??.??"]
[Round "8"]
[White "Kumaran, Dharshan"]
[Black "Miles, Anthony J"]
[Result "0-1"]
[WhiteElo "2495"]
[BlackElo "2600"]

1.d4 Nf6 2.c4 g6 3.Nc3 Bg7 4.e4 d6 5.Be2 O-O 6.Be3 Na6 7.Nf3 e5 8.O-O Ng4
9.Bg5 Qe8 10.dxe5 dxe5 11.h3 Nf6 12.Be3 b6 13.Qc2 Bb7 14.Nd5 Nxd5 15.cxd5 c6
16.dxc6 Nb4 17.Qb3 Nxc6 18.Rfd1 Rd8 19.Bb5 Rxd1+ 20.Rxd1 Qa8 21.Qa3 Nd4 22.Nxd4 exd4
23.Bxd4 Rd8 24.Qe3 Bxe4 25.Bf1 Bf5 26.Rd2 Re8 27.Qc3 Bh6 28.Rd1 Rc8 29.Qg3 Qe4
30.Qd6 Qe6 31.Qa3 Qd7 32.Be2 Bc2 33.Bg4 f5  0-1

[Event "Moscow ol (Men)"]
[Site "Moscow"]
[Date "1994.??.??"]
[Round "10"]
[White "Ruzele, Darius"]
[Black "Miles, Anthony J"]
[Result "1-0"]
[WhiteElo "2495"]
[BlackElo "2600"]

1.d4 Nf6 2.c4 g6 3.Nc3 Bg7 4.e4 d6 5.Be2 O-O 6.Nf3 e5 7.O-O Na6 8.Re1 c6
9.Rb1 exd4 10.Nxd4 Nc5 11.f3 a5 12.Bg5 Re8 13.Bf1 a4 14.Qd2 Qa5 15.Be3 Nfd7
16.b4 axb3 17.axb3 Qb4 18.Qc2 Nf8 19.Na2 Qa3 20.Nc3 Nfe6 21.Nxe6 Bxe6 22.Kh1 Na6
23.Na4 Nb4 24.Qd2 f5 25.Nb6 Ra5 26.Bf4 Be5 27.Bxe5 dxe5 28.Nd7 Re7 29.Qd6 Rxd7
30.Qxe6+ Rf7 31.c5 fxe4 32.Bc4 Nd5 33.fxe4 Qxc5 34.exd5 cxd5 35.Rf1 Qe7 36.Bxd5  1-0

[Event "New York op"]
[Site "New York"]
[Date "1994.??.??"]
[Round "1"]
[White "Miles, Anthony J"]
[Black "Rodriguez, Rafael"]
[Result "1-0"]
[WhiteElo "2590"]
[BlackElo "2275"]

1.d4 Nf6 2.Nf3 e6 3.c4 b6 4.Nc3 Bb4 5.Qb3 c5 6.a3 Bxc3+ 7.Qxc3 Bb7 8.e3 O-O
9.Be2 Nc6 10.O-O cxd4 11.exd4 d5 12.b3 Rc8 13.Bb2 Qe7 14.Rac1 Rfd8 15.Qe3 dxc4
16.bxc4 Ba6 17.Rfe1 Na5 18.Nd2 Rd7 19.d5 exd5 20.Bxf6 Qxe3 21.fxe3 gxf6 22.Bg4 Rcd8
23.Bxd7 Rxd7 24.cxd5 Rxd5 25.Ne4 Kg7 26.Rc7 Rd3 27.Rxa7 Bb7 28.Rxa5 bxa5
29.Nc5  1-0

[Event "New York op"]
[Site "New York"]
[Date "1994.??.??"]
[Round "3"]
[White "Miles, Anthony J"]
[Black "Byrne, Robert E"]
[Result "1/2-1/2"]
[WhiteElo "2590"]
[BlackElo "2460"]

1.d4 Nf6 2.Nf3 g6 3.c3 Bg7 4.Bg5 h6 5.Bh4 d6 6.Nbd2 Nbd7 7.e4 g5 8.Bg3 Nh5
9.Nc4 Nxg3 10.hxg3 e6 11.Ne3 Qe7 12.Bd3 Nf6 13.Qb3 d5 14.exd5 Nxd5 15.Nxd5 exd5+
16.Kd2 c6 17.Rae1 Be6 18.Bf5 O-O 19.Qc2 Qf6 20.Bxe6 fxe6 21.Re2 Qf5 22.Qxf5 exf5
23.Rhe1 Rac8 24.Kd3 Rc7 25.a4 Bf6 26.a5 a6 27.Re6 Kf7 28.Rd6 Rd8 29.Rxd8 Bxd8
30.Re5 Kf6 31.Re8 Be7 32.Nd2 Bd6 33.Rh8 Kg7 34.Rd8 Be7 35.Ra8 Bd6 36.c4 dxc4+
37.Nxc4 Bb4 38.Rd8 Be7 39.Rb8 Bb4 40.f3 h5 41.d5 cxd5 42.Ne3 Rf7 43.Rd8 f4
44.gxf4 gxf4 45.Nc2 Bxa5 46.Rxd5 Bc7 47.Rxh5 Rd7+ 48.Kc3 b5 49.Rc5 Bd6 50.Rd5 Kf6
51.Kd3 Ke6 52.Ke4 Re7 53.Rh5 Kf6+ 54.Kd3 Be5 55.Rh6+ Kf5 56.Rxa6 Rd7+ 57.Ke2 Bxb2
58.Rb6 Re7+ 59.Kf1 Re5 60.Nb4 Bc3 61.Nd3 Rd5 62.Ke2 b4 63.Rb8 Rd4 64.Rf8+ Kg5
65.Nf2 Rd2+ 66.Kf1 Rc2 67.Ne4+ Kg6 68.Nxc3 bxc3 69.Rxf4 Rd2 70.Rg4+ Kf5 71.Ke1 Ra2
72.Kd1 Rf2 73.Rg8 c2+ 74.Kc1 Kf4 75.Rf8+ Ke3 76.g4 Rg2 77.Kb2 Kd2 78.Rd8+ Ke3
79.Rf8 Kd2 80.Rd8+  1/2-1/2

[Event "New York op"]
[Site "New York"]
[Date "1994.??.??"]
[Round "7"]
[White "Miles, Anthony J"]
[Black "Bonin, Jay R"]
[Result "0-1"]
[WhiteElo "2590"]
[BlackElo "2380"]

1.d4 d5 2.c4 e6 3.Nc3 Nf6 4.Nf3 Nbd7 5.cxd5 exd5 6.Bf4 c6 7.Qc2 Be7 8.h3 Nf8
9.e3 Ne6 10.Be5 O-O 11.Bd3 Re8 12.O-O-O g6 13.Kb1 a5 14.g4 b5 15.g5 Nh5 16.h4 a4
17.Nh2 Qa5 18.Ne2 c5 19.dxc5 Nxc5 20.Nd4 Bd7 21.Rc1 b4 22.Qd1 Bf8 23.Nhf3 Rac8
24.Qe2 Bg7 25.Bh2 a3 26.b3 Ne4 27.Rxc8 Rxc8 28.Qe1 Nc3+ 29.Ka1 Re8 30.Rg1 Qc5
31.Qc1 Qc8 32.Bd6 Bf8 33.Bxf8 Kxf8 34.Qd2 Bg4 35.Ne1 Bd7 36.Be2 Ng7 37.Nd3 Nf5
38.Bf3 Nxd4 39.exd4 Qb8 40.h5 Bf5 41.hxg6 hxg6 42.Nf4 Be4 43.Bd1 Nb1 44.Qe3 Bf5
45.Qg3 Qb6 46.Ne2 Rxe2 47.Qh4 Re4 48.Qh8+ Ke7 49.Bc2 Qxd4+ 50.Qxd4 Rxd4 51.Kxb1 Rd2
52.Bxf5 Rb2+ 53.Ka1 gxf5 54.Rf1 Kd6 55.f4 Rd2 56.Kb1 d4 57.Rg1 Kd5 58.g6 fxg6
59.Rxg6 d3 60.Rg1 Rf2 61.Rd1 Kd4 62.Rc1 d2 63.Rh1 Re2 64.Kc2 Re1  0-1

[Event "New York op"]
[Site "New York"]
[Date "1994.??.??"]
[Round "9"]
[White "Miles, Anthony J"]
[Black "Valvo, Michael J"]
[Result "1-0"]
[WhiteElo "2590"]
[BlackElo "2365"]

1.d4 Nf6 2.Nf3 g6 3.c3 Bg7 4.Bg5 O-O 5.Nbd2 d5 6.e3 Nbd7 7.Be2 Re8 8.O-O e5
9.Nb3 c6 10.Rc1 Qb6 11.Nfd2 c5 12.dxc5 Nxc5 13.Nxc5 Qxc5 14.c4 Be6 15.cxd5 Qxd5
16.Bc4 Qd6 17.Bxf6 Bxf6 18.Ne4 Qe7 19.Bxe6 Qxe6 20.Qb3 Bh4 21.Qxe6 Rxe6 22.Rc7 f5
23.Nc5 Re7 24.Nd7 b6 25.g3 Bg5 26.Rfc1 Rd8 27.Rd1 Kg7 28.Rxa7 f4 29.h4 Bh6
30.exf4 exf4 31.g4 g5 32.Rd5 Kh8 33.hxg5 Bf8 34.Kg2  1-0

[Event "Pula PCA op"]
[Site "Pula"]
[Date "1994.??.??"]
[Round "?"]
[White "Fercec, Nenad"]
[Black "Miles, Anthony J"]
[Result "1-0"]
[WhiteElo "2385"]
[BlackElo "2590"]

1.e4 b6 2.d4 Bb7 3.Bd3 e6 4.Qe2 d5 5.exd5 Qxd5 6.Nf3 Nf6 7.Bf4 Qd8 8.c4 Nc6
9.Nc3 Nxd4 10.Nxd4 Qxd4 11.Bxc7 Bb4 12.O-O Bxc3 13.bxc3 Qc5 14.Be5 Nd7 15.Bg3 O-O
16.Rad1 Qc6 17.f3 Nc5 18.Bc2 Rfd8 19.Rd4 Rd7 20.Rfd1 Rad8 21.Qe5 h6 22.Qc7 f5
23.Qxd8+ Rxd8 24.Rxd8+ Kf7 25.Be5 Bc8 26.R1d6 Qb7 27.h3 Nd7 28.Bh2 Ke7 29.Rg8 Kf7
30.Rd8 f4 31.Rh8 Qc7 32.Rd4 e5 33.Rd1 Nf8 34.Kh1 Be6 35.c5 bxc5 36.Bg1 Bxa2
37.Ra1 Bc4 38.Be4 a5 39.Rb1 Ba6 40.Bd5+ Ke7 41.Rg8 Ke8 42.c4 g5 43.Bf2 e4
44.Re1 e3 45.Bxe3 fxe3 46.Rxe3+ Kd7 47.Rxf8 Qb6 48.Rf7+ Kd8 49.Re6 Qb1+ 50.Kh2 Bc8
51.Rxh6 Qb2 52.Rhh7 Qe5+ 53.f4 Qe8 54.Rfg7 Bf5 55.Rh6  1-0

[Event "Pula PCA op"]
[Site "Pula"]
[Date "1994.??.??"]
[Round "?"]
[White "Ankerst, Mihael"]
[Black "Miles, Anthony J"]
[Result "0-1"]
[WhiteElo "2285"]
[BlackElo "2590"]

1.e4 Nf6 2.e5 Nd5 3.d4 d6 4.c4 Nb6 5.exd6 exd6 6.Bd3 Nc6 7.Ne2 Bg4 8.Be3 Be7
9.Nbc3 O-O 10.h3 Bh5 11.Qd2 Nb4 12.Nf4 Nxd3+ 13.Qxd3 Bg6 14.Nxg6 hxg6 15.b3 a6
16.O-O d5 17.c5 Nc8 18.b4 Na7 19.Ne2 Re8 20.a4 Nc6 21.Bd2 Bf6 22.b5 Ne7 23.g4 g5
24.h4 Qd7 25.f3 gxh4 26.Kg2 Ng6 27.Ng1 Nf8 28.Nh3 Ne6 29.Bc3 Bg5 30.Rfe1 axb5
31.axb5 Rxa1 32.Rxa1 Nf4+ 33.Nxf4 Bxf4 34.Ra7 h3+ 35.Kxh3 Qe6 36.Qf5 Qe3  0-1

[Event "Pula PCA op"]
[Site "Pula"]
[Date "1994.??.??"]
[Round "?"]
[White "Miles, Anthony J"]
[Black "Sale, Srdjan"]
[Result "1-0"]
[WhiteElo "2590"]
[BlackElo "2445"]

1.d4 Nf6 2.Nf3 g6 3.c3 Bg7 4.Bg5 O-O 5.Nbd2 d6 6.e4 c5 7.dxc5 dxc5 8.Be2 Nc6
9.O-O Qc7 10.h3 Nh5 11.Be3 b6 12.Re1 Bb7 13.Qc2 Rad8 14.Rad1 Rd7 15.a4 Rfd8
16.Nc4 Nf4 17.Bf1 Ne6 18.Rxd7 Rxd7 19.Rd1 Kf8 20.g3 Rxd1 21.Qxd1 Qd8 22.Qc2 Qd7
23.h4 Nc7 24.Bf4 Ne8 25.Ng5 h6 26.Bh3 Qd8 27.Nf3 Bc8 28.Bxc8 Qxc8 29.Qd2 Qe6
30.Qd5 Qc8 31.Nfe5 Nxe5 32.Nxe5 e6 33.Qc6 Qd8 34.Nc4 Kg8 35.Kg2 Nf6 36.Qb7 Qd7
37.Qxd7 Nxd7 38.Bc7 h5 39.f4 Bf8 40.e5 Be7 41.a5 b5 42.Na3 b4 43.Nc4 Kf8
44.a6 Ke8 45.Kf3 f6 46.Ke4 Kf7 47.Kd3 g5 48.exf6 gxh4 49.fxe7 hxg3 50.Bd8 Nf6
51.Nd6+ Kg6 52.Ke2  1-0

[Event "Pula PCA op"]
[Site "Pula"]
[Date "1994.??.??"]
[Round "?"]
[White "Miles, Anthony J"]
[Black "Kos, Toni"]
[Result "1-0"]
[WhiteElo "2590"]
[BlackElo "2160"]

1.d4 Nf6 2.Nf3 c5 3.c4 d6 4.Nc3 cxd4 5.Nxd4 e5 6.Nc2 Be6 7.Ne3 Qc7 8.g3 Bxc4
9.Qa4+ b5 10.Nxb5 Bxb5 11.Qxb5+ Nbd7 12.Bg2 Rb8 13.Qa4 g6 14.Bd2 Rxb2 15.Rc1 Qb8
16.Nc4 Rb1 17.O-O Rxc1 18.Rxc1 Be7 19.Bc6 Bd8 20.Bb4 Bc7 21.Bxd7+ Nxd7 22.Nxd6+ Bxd6
23.Bxd6 Qxd6 24.Rc8+ Ke7 25.Rxh8 Nf8 26.Qxa7+ Kf6 27.Qa8 Qd1+ 28.Kg2 Ne6
29.Rb8 Nd4 30.Rb2 Kg7 31.Qe4  1-0

[Event "Pula PCA op"]
[Site "Pula"]
[Date "1994.??.??"]
[Round "?"]
[White "Miles, Anthony J"]
[Black "Jukic, Zdenko"]
[Result "1-0"]
[WhiteElo "2590"]
[BlackElo "2230"]

1.d4 g6 2.e4 c5 3.dxc5 Qa5+ 4.Nc3 Nf6 5.e5 Ne4 6.Qd4 Nxc3 7.Bd2 Nb5 8.Qc4 Qc7
9.Qxb5 Bg7 10.f4 Nc6 11.Nf3 O-O 12.Bc3 d6 13.cxd6 exd6 14.O-O-O dxe5 15.Nxe5 Bg4
16.Re1 Rfe8 17.Bc4 Nxe5 18.Bxe5 Bxe5 19.Rxe5 Rxe5 20.fxe5 a6 21.Qb4 Rc8 22.Bb3 Bf5
23.Qd6 Qd8 24.Qxd8+ Rxd8 25.Rd1 Re8 26.Re1 Kg7 27.a4 Re7 28.Kd2 Kh6 29.Re3 Kg5
30.Bc4 Rd7+ 31.Kc3 Rc7 32.a5 Bxc2 33.e6 fxe6 34.Rxe6 Bf5 35.Rd6 Be4 36.g3 Kg4
37.Kd4 Bf5 38.Kc3 Kh3 39.Rd2 Kg4 40.Rf2 h5 41.Kd4 Kg5 42.Rf4 Kf6 43.h4 Ke7
44.b4 Kd6 45.Bd5 Re7 46.Rf2 Kc7 47.Rf3 Kd6 48.Rc3 Bg4 49.Rc5 Bf5 50.Bf3 Be6
51.Be4 Bf7 52.Rg5 Rc7 53.Bxg6 Rc4+ 54.Ke3 Be6 55.b5 axb5 56.Rxb5 Rg4 57.Rg5 Rxg5
58.hxg5 Ke5 59.Bxh5 Kf5 60.Bf3 Bc8 61.g6 Kxg6 62.Kf4 Kf6 63.Bg4  1-0

[Event "Pula PCA op"]
[Site "Pula"]
[Date "1994.??.??"]
[Round "?"]
[White "Gurevich, Vladimir"]
[Black "Miles, Anthony J"]
[Result "1/2-1/2"]
[WhiteElo "2420"]
[BlackElo "2590"]

1.e4 Nc6 2.Nf3 d6 3.Nc3 Nf6 4.h3 e5 5.Bb5 Bd7 6.d4 exd4 7.Nxd4 g6 8.Bg5 Bg7
9.O-O O-O 10.Nb3 h6 11.Bh4 a6 12.Bd3 a5 13.a3 a4 14.Nd2 Ne5 15.f4 Nxd3 16.cxd3 Qe8
17.Nf3 Bc6 18.Qd2 Nd7 19.Rae1 Nc5 20.f5 g5 21.Nxg5 Nb3 22.Qd1 Bd4+ 23.Kh1 hxg5
24.f6 Qe6 25.Bxg5 Ra5 26.Nd5 Rxd5 27.exd5 Qxd5 28.Re4 Qxg5 29.Rg4 Qg6 30.Rxg6+ fxg6
31.Qg4 Be8 32.Qg5 Bxb2 33.h4 Bc1 34.Rxc1 Nxc1 35.Qxc1 Rxf6 36.Qxc7 Bc6 37.Kg1 Re6
38.Kf2 Rf6+ 39.Kg3 Re6 40.Kf2 Rf6+ 41.Kg3 Re6 42.Kf4 Bxg2 43.Qc8+ Kf7 44.Qd7+ Kf6
45.Qxa4 Bc6 46.Qa8 Kf7 47.Qd8 Re5 48.Qxd6 Rd5 49.Qb4 Rxd3 50.a4 Rd5 51.a5 Rf5+
52.Kg4 Bf3+ 53.Kg3 Bd5 54.Qd6 Kg7 55.Qe7+ Kh6 56.Qd8 Kg7 57.Qe7+ Kh6 58.Qd7 Rf3+
59.Kg4 Rf5 60.Qd8  1/2-1/2

[Event "Sevilla op"]
[Site "Sevilla"]
[Date "1994.??.??"]
[Round "3"]
[White "Miles, Anthony J"]
[Black "Hansen, Sune Berg"]
[Result "1-0"]
[WhiteElo "2590"]
[BlackElo "2415"]

1.d4 Nf6 2.Nf3 g6 3.c3 Bg7 4.Bg5 O-O 5.Nbd2 d5 6.e3 Nbd7 7.Be2 Re8 8.O-O e5
9.Nb3 c6 10.Rc1 h6 11.Bh4 e4 12.Nfd2 b5 13.Ra1 Nb6 14.Nc5 g5 15.Bg3 Nfd7
16.Ndb3 Nc4 17.Qc2 Ndb6 18.a4 f5 19.axb5 cxb5 20.Na5 Rf8 21.Nxc4 dxc4 22.f3 f4
23.Bf2 fxe3 24.Bxe3 Nd5 25.Qd2 exf3 26.Bxf3 a5 27.h4 Rxf3 28.gxf3 Bh3 29.Rfe1 Qf6
30.Qf2 gxh4 31.Ne4 Qf5 32.Kh2 Ra6 33.Rg1 Nxe3 34.Qxe3 Kh7 35.Nd6 Rxd6 36.Rxg7+ Kxg7
37.Qe7+ Kh8 38.Qxd6 Qxf3 39.Qxh6+ Kg8  1-0

[Event "Sevilla op"]
[Site "Sevilla"]
[Date "1994.??.??"]
[Round "4"]
[White "Checa, Calderon D"]
[Black "Miles, Anthony J"]
[Result "0-1"]
[WhiteElo "2245"]
[BlackElo "2590"]

1.e4 Nc6 2.Nf3 d6 3.d4 Nf6 4.Nc3 Bg4 5.Be2 e6 6.Be3 Be7 7.h3 Bh5 8.O-O O-O
9.Nd2 Bxe2 10.Qxe2 d5 11.e5 Nd7 12.f4 f5 13.Nb3 a5 14.Na4 Rf7 15.Rad1 Nf8
16.c4 Nb4 17.a3 dxc4 18.axb4 cxb3 19.b5 Bb4 20.Qd3 Qe8 21.Bd2 b6 22.Qc4 Bxd2
23.Rxd2 Rd8 24.Qxb3 Rfd7 25.Rfd1 Qf7 26.Qf3 Ng6 27.Nc3 Ne7 28.g3 Nd5 29.Kh2 Qe8
30.Qe2 h6 31.Rc1 Kh7 32.Nxd5 Rxd5 33.Rxc7 Rxd4 34.Rdc2 R8d7 35.Rxd7 Qxd7
36.h4 Qd5 37.Qg2 Qxb5 38.h5 Qd7 39.Qe2 a4 40.Kg1 b5 41.Qf3 Rd3 42.Qg2 Rxg3
43.Qxg3 Qd1+ 44.Kh2 Qxc2+ 45.Kh3 Kg8 46.Qg6 Qd3+ 47.Kh4 Qd7 48.Qg1 Qd8+  0-1

[Event "Sevilla op"]
[Site "Sevilla"]
[Date "1994.??.??"]
[Round "5"]
[White "Miles, Anthony J"]
[Black "Spangenberg, Hugo"]
[Result "1-0"]
[WhiteElo "2590"]
[BlackElo "2510"]

1.d4 d5 2.Nf3 Nf6 3.c4 dxc4 4.e3 e6 5.Bxc4 a6 6.O-O c5 7.Nbd2 cxd4 8.Nxd4 Bd6
9.b3 e5 10.N4f3 b5 11.Be2 e4 12.Nd4 Qc7 13.g3 Bh3 14.Re1 h5 15.Bb2 h4 16.Rc1 Qd7
17.Qc2 hxg3 18.hxg3 Qe7 19.Bf1 Bd7 20.Bg2 Bb4 21.Nxe4 Nxe4 22.Bxe4 Ra7 23.Nf5 Bxf5
24.Bxf5 Bxe1 25.Qc8+ Qd8 26.Qxd8+ Kxd8 27.Bxg7 Ke7 28.Bxh8 Ba5 29.Bd4 Rc7
30.Rxc7+ Bxc7 31.Bc8 a5 32.Bb7 b4 33.Kf1 Nd7 34.Ke2 Ne5 35.f4 Ng4 36.Bf3 Nh6
37.e4 f6 38.Kd3 Nf7 39.Bc5+ Bd6 40.Bb6  1-0

[Event "Sevilla op"]
[Site "Sevilla"]
[Date "1994.??.??"]
[Round "7"]
[White "Miles, Anthony J"]
[Black "Rivas Pastor, Manuel"]
[Result "1/2-1/2"]
[WhiteElo "2590"]
[BlackElo "2505"]

1.d4 d6 2.g3 e5 3.dxe5 dxe5 4.Qxd8+ Kxd8 5.Nc3 Nf6 6.Nf3 Bd6 7.Nb5 Nc6 8.Nxd6 cxd6
9.c3 Ke7 10.Bg2 h6 11.O-O Be6 12.b3 Rac8 13.Ba3 b5 14.Rfd1 Rhd8 15.Ne1 a5
16.Nc2 Nb8 17.Bb2 d5 18.Na3 b4 19.cxb4 axb4 20.Nb5 d4 21.f4 Nd5 22.fxe5 Nc3
23.Bxc3 dxc3 24.Kf2 Rxd1 25.Rxd1 Rc5 26.Nd4 Ra5 27.Nc2 Rxa2 28.Nxb4 Rb2 29.Bd5 c2
30.Rc1 Na6 31.Nd3 Rb1 32.Bxe6 Rxc1 33.Nxc1 Kxe6 34.Ke3 Kf5 35.h3 Nc5 36.Kd4 Ne6+
37.Kd5 Nc7+ 38.Kd6 Na6 39.Kd5 Nc7+ 40.Kc6 Ne6 41.Kd6 Ke4 42.b4 Nd4 43.Na2 h5
44.Ke7 Kxe5 45.Kxf7 Nxe2 46.Kxg7 Kd5 47.g4 hxg4 48.hxg4 Kc4 49.b5 Kxb5 50.g5 Kc4
51.g6 Kb3 52.Kh8 Kxa2 53.g7 c1=Q 54.g8=Q+ Kb2 55.Qb8+ Kc2 56.Qc7+ Nc3 57.Qh7+ Kb2
58.Qb7+ Ka3 59.Qa7+ Kb3 60.Qf7+ Kc2 61.Qh7+ Kd2 62.Qh6+ Kc2 63.Qxc1+ Kxc1
64.Kg8  1/2-1/2

[Event "Agios Nikolaos op"]
[Site "Agios Nikolaos"]
[Date "1995.??.??"]
[Round "6"]
[White "Miles, Anthony J"]
[Black "Nenashev, Alexander"]
[Result "1/2-1/2"]
[WhiteElo "2615"]
[BlackElo "2605"]

1.d4 e6 2.e4 d5 3.Nd2 c5 4.exd5 Qxd5 5.Ngf3 cxd4 6.Bc4 Qd6 7.O-O Nf6 8.Nb3 Nc6
9.Nbxd4 Nxd4 10.Nxd4 Bd7 11.b3 h5 12.Nb5 Qe5 13.Qe1 Qxa1 14.Nc7+ Kd8 15.Nxa8 Bd6
16.Qa5+ Ke7 17.c3 b6 18.Qxa7 b5 19.Ba3 Qxc3 20.Bxb5 Qe5 21.Bxd6+ Qxd6 22.Nb6 Rd8
23.Nc4 Qb4 24.Rd1 Kf8 25.Bc6 Be8 26.Rf1 Bxc6 27.Qc7 Ra8 28.Qxc6 Rxa2 29.Ne5 Qb8
30.Qc5+ Kg8 31.b4 Rd2 32.Nc6 Qd6 33.Qxd6 Rxd6 34.b5 Nd7 35.Ra1 Kh7 36.Kf1 Rd5
37.Ra7 Nb6 38.Rxf7 Rxb5 39.Nd4 Re5 40.Re7 Nc4 41.Nf3 Rd5 42.Ke2 Rd6 43.h4 Kg6
44.Rc7 Nb6 45.g3 Nd5 46.Rc4 Ra6 47.Ng5 Kf5 48.Kf3 Ra3+ 49.Kg2 Ra6 50.Rc8 Rb6
51.Rf8+ Kg6 52.Rf7 Ra6 53.Rd7 Rb6 54.Ra7 Rc6 55.Rb7 Ra6 56.Nf7 Kf6 57.Ng5 Kg6
58.Kh3 Ra2 59.Nxe6 Rxf2 60.Rb5 Nf6 61.Rg5+ Kf7 62.Nf4 Ra2  1/2-1/2

[Event "Agios Nikolaos op"]
[Site "Agios Nikolaos"]
[Date "1995.??.??"]
[Round "7"]
[White "Atalik, Suat"]
[Black "Miles, Anthony J"]
[Result "1/2-1/2"]
[WhiteElo "2500"]
[BlackElo "2615"]

1.d4 d6 2.e4 Nf6 3.f3 d5 4.exd5 Nxd5 5.c4 Nb6 6.Nc3 g6 7.Be3 Bg7 8.Qd2 O-O
9.c5 Nd5 10.Nxd5 Qxd5 11.Ne2 b6 12.Nc3 Qd7 13.Bb5 c6 14.Ba4 Rd8 15.O-O-O Qb7
16.d5 cxd5 17.Nxd5 Rf8 18.Bh6 b5 19.Bb3 Be6 20.h4 Rc8 21.Bxg7 Kxg7 22.h5 Rxc5+
23.Nc3 Nc6 24.Bxe6 fxe6 25.hxg6 h5 26.Kb1 b4 27.Ne4 Rd5 28.Qe3 Qb6 29.Qf4 Rf8
30.Qh4 Rxd1+ 31.Rxd1 Rd8 32.Qxh5 Rxd1+ 33.Kc2 b3+ 34.axb3 Nb4+ 35.Kxd1 Qg1+
36.Ke2 Qxg2+ 37.Nf2 Qxg6 38.Qg4 Nc6 39.Ke3 Kf7 40.Qxg6+ Kxg6 41.Ke4 Na5 42.b4 Nc4
43.Nd3 Kf6 44.Kd4 Nd6 45.Kc5 Kf5 46.b5 e5 47.Nb4 e4 48.fxe4+ Nxe4+ 49.Kc6 e5
50.Nd3 Ke6  1/2-1/2